000 00326 a2200157 4500
001 176023
020 _a
040 _cMagnum
100 _aOlivieri, Antonio Carlos
240 1 0 _aO renascimento
_lpor
245 1 0 _aO renascimento
362 0 _a1899
440 1 _aÁtica
697 _aMAGNITO: PARADIDATICO
942 _cBK
999 _c176023
_d176023